000 00452nam a22001457a 4500
008 190618b xxu||||| |||| 00| 0 eng d
020 _a0029413427
050 _aQ 121
_b.T974 1991 vol.9
100 _aClint Twist
245 _aMacmillan encyclopedia of science :
_bFuel and power/
_cClint Twist
260 _aNew York:
_bMacMillan Publishing Company
_c1991.
300 _a96 p. ; col. ill. : 280 cm.
440 _aFuel and power/
942 _2lcc
_cBK
999 _c361905
_d361905